00451nam a22001697a 450000500170000002000220001704100080003908200350004710000190008224500610010126000340016230000210019665000230021765000150024065000140025565000120026920260305134433.0 a978-81-88080-33-5 aeng 223rd ed. aH 781.62009545bMEW aMewati, Majid  aMewati lokgeeton mein samaj sanskriti cby Majid Mewati  aDelhi bNeha Prakashan c2010 a225p.; c22 cm.  aFolk music- India  aCriticism  aSocieties aCulture